The brothers Karamazov and related readings / Fyodor Dostoyevsky ; translated by Constance Garnett.
The brothers Karamazov and related readings /
Guardat en:
| Autor principal: | |
|---|---|
| Format: | Llibre |
| Idioma: | English |
| Publicat: |
Glencoe/Mc Graw-Hill
2000
|
| Matèries: | |
| Etiquetes: |
Afegir etiqueta
Sense etiquetes, Sigues el primer a etiquetar aquest registre!
|
| Thư viện lưu trữ: | Mạng thư viện Đại học Đà Nẵng |
|---|
| LEADER | 01252cam a22003371a 4500 | ||
|---|---|---|---|
| 001 | 000035737 | ||
| 003 | 12028 | ||
| 005 | 20160319000000.0 | ||
| 008 | 160318s2000 xxu 000 eng | ||
| 041 | |a eng | ||
| 082 | |a 891.73 |b DO-F | ||
| 100 | |a Glencoe | ||
| 245 | |a The brothers Karamazov and related readings / Fyodor Dostoyevsky ; translated by Constance Garnett. |c Dostoevsky, Fyodor Mikhailovich, (1821-1881) | ||
| 260 | |a Glencoe/Mc Graw-Hill |c 2000 | ||
| 300 | |a 808tr; mhl; 20cm | ||
| 520 | |a The brothers Karamazov and related readings / | ||
| 650 | |a The brothers Karamazov and related readings / Fyodor Dostoyevsky | ||
| 852 | |b Chuyên đề |c Sách tham khảo | ||
| OWN | |a LNN | ||
| AVA | |a UDN50 |b LNN |d 891.73 DO-F |e available |t Error 5001 Not defined in file expand_doc_bib_avail. |f 1 |g 0 |h N |i 0 |k 1 | ||
| 999 | |a From the UDN01 | ||
| AVA | |a UDN50 |b LNN |d 891.73 DO-F |e available |t Error 5001 Not defined in file expand_doc_bib_avail. |f 1 |g 0 |h N |i 0 |k 1 | ||
| TYP | |a Monograph | ||
| TYP | |a Printed language | ||
| 980 | |a Mạng thư viện Đại học Đà Nẵng | ||